[Event "European Senior Teams Chess Championshi"]
[Site "Rogaska Slatina"]
[Date "2012.04.03"]
[Round "8.5"]
[White "Miednikova, Swietlana"]
[Black "Nyberg, Ulf"]
[Result "1-0"]
[WhiteElo "2183"]
[BlackElo "2140"]
[PlyCount "211"]
[EventDate "2012.03.27"]
[WhiteTeam "RUS 2"]
[BlackTeam "SWE 1"]

1. e4 e5 2. Nf3 Nc6 3. Bb5 a6 4. Ba4 Nf6 5. d3 d6 6. c4 Be7 7. Nc3 O-O 8. h3
Nd7 9. Be3 g6 10. Bh6 Re8 11. g4 Nc5 12. Bxc6 bxc6 13. Qd2 Rb8 14. O-O-O Bf6
15. Rhe1 Ne6 16. Ne2 c5 17. Ng3 c6 18. h4 Nd4 19. Nxd4 cxd4 20. g5 Bh8 21. Kb1
a5 22. Rc1 c5 23. h5 Re7 24. Rh1 Reb7 25. Rc2 Bd7 26. Qe2 a4 27. hxg6 fxg6 28.
Nf1 Be6 29. Nh2 Rf7 30. Ng4 Bxg4 31. Qxg4 Qc8 32. Qxc8+ Rxc8 33. Kc1 Rf3 34.
Rd2 Rc7 35. Kc2 Rcf7 36. Rh2 Bg7 37. Bxg7 Kxg7 38. Kd1 R3f4 39. Rg2 Rh4 40. Ke2
Rb7 41. f3 Rh1 42. Kf2 Ra1 43. a3 Rh1 44. Rg1 Rh5 45. Rg4 h6 46. gxh6+ Kxh6 47.
Kg2 g5 48. Rg3 Rh4 49. Rh3 Kh5 50. Kg3 Rb3 51. Kg2 g4 52. fxg4+ Kxg4 53. Rg3+
Kh5 54. Kf3 Rf4+ 55. Kg2 Rg4 56. Kh3 Rxg3+ 57. Kxg3 Kg5 58. Kf3 Kh4 59. Rh2+
Kg5 60. Re2 Rb8 61. Rg2+ Kf6 62. Rf2 Rh8 63. Kg4+ Ke6 64. Kf3 Rh1 65. Rg2 Rb1
66. Rh2 Kd7 67. Rh7+ Kc6 68. Rh2 Rd1 69. Ke2 Rg1 70. Kd2 Rg8 71. Kc2 Rg7 72. b3
axb3+ 73. Kxb3 Rg3 74. Rd2 Kb6 75. Ka4 Rg1 76. Rb2+ Ka6 77. Rb8 Rd1 78. Rd8
Rxd3 79. Rxd6+ Kb7 80. Kb5 Rxa3 81. Kxc5 Kc7 82. Rh6 Re3 83. Rh7+ Kd8 84. Kd6
Ke8 85. Kxe5 d3 86. Rh2 Re2 87. Rh3 Rc2 88. Kd4 d2 89. Rd3 Ke7 90. Kd5 Kd7 91.
Kc5+ Ke6 92. Kb4 Ke5 93. Kb3 Rc1 94. Rxd2 Kxe4 95. Kb4 Ke5 96. Kb5 Ke6 97. c5
Ke7 98. Kb6 Rb1+ 99. Kc7 Rc1 100. Re2+ Kf6 101. c6 Rc4 102. Kd7 Rd4+ 103. Kc8
Rc4 104. c7 Rc1 105. Rb2 Ke6 106. Kb7 1-0

[Event "European Senior Teams Chess Championshi"]
[Site "Rogaska Slatina"]
[Date "2012.04.03"]
[Round "8.6"]
[White "James, Geoffrey H"]
[Black "Kristiansen, Erling"]
[Result "1/2-1/2"]
[WhiteElo "2215"]
[BlackElo "2181"]
[PlyCount "24"]
[EventDate "2012.03.27"]
[WhiteTeam "ENG 1"]
[BlackTeam "NOR 1"]

1. e4 e5 2. Nf3 Nc6 3. Bb5 a6 4. Ba4 Nf6 5. d3 d6 6. c3 Be7 7. Nbd2 O-O 8. Nf1
b5 9. Bc2 d5 10. Qe2 b4 11. Ba4 dxe4 12. dxe4 Bd7 1/2-1/2

[Event "European Senior Teams Chess Championshi"]
[Site "Rogaska Slatina"]
[Date "2012.04.03"]
[Round "8.6"]
[White "Harestad, Thor Geir"]
[Black "Norman, Kenneth I"]
[Result "1-0"]
[WhiteElo "2175"]
[BlackElo "2175"]
[PlyCount "49"]
[EventDate "2012.03.27"]
[WhiteTeam "NOR 1"]
[BlackTeam "ENG 1"]

1. d4 d5 2. Nf3 Nf6 3. c4 dxc4 4. Nc3 a6 5. a4 Nc6 6. Bg5 Bg4 7. d5 Bxf3 8.
gxf3 Na5 9. e4 c6 10. Bh3 cxd5 11. exd5 h6 12. Be3 Nb3 13. Rb1 g6 14. Qe2 Na5
15. Rd1 Bg7 16. Bc5 b6 17. Bb4 O-O 18. Bxe7 Qb8 19. Bxf8 Bxf8 20. Ne4 Bb4+ 21.
Kf1 Nh5 22. Qe3 Nf4 23. d6 g5 24. Nf6+ Kg7 25. Qe5 1-0

[Event "European Senior Teams Chess Championshi"]
[Site "Rogaska Slatina"]
[Date "2012.04.03"]
[Round "8.7"]
[White "Nickl, Klaus"]
[Black "Sorensen, Bent"]
[Result "1/2-1/2"]
[WhiteElo "2162"]
[BlackElo "2312"]
[PlyCount "20"]
[EventDate "2012.03.27"]
[WhiteTeam "AUT - STEIERMARK"]
[BlackTeam "DEN 1"]

1. d4 d5 2. Nf3 c6 3. e3 Bf5 4. Bd3 Bxd3 5. Qxd3 e6 6. O-O Nd7 7. b3 Ngf6 8.
Nbd2 Be7 9. Bb2 O-O 10. c4 c5 1/2-1/2

[Event "European Senior Teams Chess Championshi"]
[Site "Rogaska Slatina"]
[Date "2012.04.03"]
[Round "8.7"]
[White "Rosenlund, Thorbjorn"]
[Black "Kratschmer, Heinz"]
[Result "1-0"]
[WhiteElo "2286"]
[BlackElo "2164"]
[PlyCount "97"]
[EventDate "2012.03.27"]
[WhiteTeam "DEN 1"]
[BlackTeam "AUT - STEIERMARK"]

1. Nf3 g6 2. c4 Nf6 3. b3 Bg7 4. Bb2 O-O 5. g3 c5 6. Bg2 Nc6 7. O-O d5 8. cxd5
Nxd5 9. Bxg7 Kxg7 10. d4 cxd4 11. Nxd4 Nxd4 12. Qxd4+ Nf6 13. Qb2 Qb6 14. Nc3
Kg8 15. Rac1 Bd7 16. Qa3 Rfe8 17. Rfd1 Rac8 18. h3 Bc6 19. e4 Nh5 20. Rd3 Red8
21. Rcd1 Rxd3 22. Rxd3 e6 23. Qd6 Qc7 24. Qxc7 Rxc7 25. e5 Bxg2 26. Kxg2 a6 27.
Ne4 Kf8 28. Rd8+ Kg7 29. Kf3 f5 30. Nc5 Re7 31. Rd6 h6 32. Nxe6+ Kf7 33. Nf4
Nxf4 34. Kxf4 Rc7 35. Rf6+ Kg7 36. Rb6 Re7 37. a4 Kf7 38. h4 Kg7 39. h5 gxh5
40. Kxf5 Rf7+ 41. Rf6 Rc7 42. Rg6+ Kh7 43. f4 Rc3 44. e6 Re3 45. Rf6 a5 46.
Rf7+ Kg8 47. Rxb7 Rxg3 48. Rb8+ Kg7 49. e7 1-0

[Event "European Senior Teams Chess Championshi"]
[Site "Rogaska Slatina"]
[Date "2012.04.03"]
[Round "8.7"]
[White "Pitzl, Konstantinos"]
[Black "Kolbak, Jens"]
[Result "1/2-1/2"]
[WhiteElo "2093"]
[BlackElo "2278"]
[PlyCount "48"]
[EventDate "2012.03.27"]
[WhiteTeam "AUT - STEIERMARK"]
[BlackTeam "DEN 1"]

1. Nf3 Nf6 2. g3 b5 3. Bg2 Bb7 4. O-O e6 5. d3 c5 6. Nbd2 Be7 7. c4 bxc4 8.
Nxc4 O-O 9. Qb3 Bc6 10. Bf4 d6 11. e4 e5 12. Bd2 Bd7 13. Rac1 Nc6 14. Bc3 Rb8
15. Qd1 Nb4 16. a3 Nc6 17. Nh4 Nd4 18. Bxd4 exd4 19. Qd2 Ng4 20. Nf3 Be6 21. h3
Nh6 22. g4 Kh8 23. b4 Bxc4 24. Rxc4 Ng8 1/2-1/2

[Event "European Senior Teams Chess Championshi"]
[Site "Rogaska Slatina"]
[Date "2012.04.03"]
[Round "8.8"]
[White "Giulian, Philip M"]
[Black "Westerinen, Heikki M J"]
[Result "1/2-1/2"]
[WhiteElo "2290"]
[BlackElo "2325"]
[PlyCount "32"]
[EventDate "2012.03.27"]
[WhiteTeam "SCO 1"]
[BlackTeam "FIN 1"]

1. d4 d5 2. c4 dxc4 3. e3 e5 4. Bxc4 exd4 5. exd4 Nf6 6. Nf3 Bb4+ 7. Nc3 O-O 8.
O-O Bg4 9. h3 Bxf3 10. Qxf3 Nc6 11. Be3 Nxd4 12. Qxb7 c5 13. Rfd1 Rb8 14. Qxa7
Ra8 15. Qb7 Rb8 16. Qa7 Ra8 1/2-1/2

[Event "European Senior Teams Chess Championshi"]
[Site "Rogaska Slatina"]
[Date "2012.04.03"]
[Round "8.8"]
[White "Kanko, Ilkka"]
[Black "Jamieson, Peter M"]
[Result "1/2-1/2"]
[WhiteElo "2250"]
[BlackElo "2251"]
[PlyCount "74"]
[EventDate "2012.03.27"]
[WhiteTeam "FIN 1"]
[BlackTeam "SCO 1"]

1. d4 g6 2. c4 d6 3. e4 Bg7 4. Ne2 Nf6 5. Nbc3 O-O 6. f3 a6 7. Be3 Nc6 8. Qd2
Rb8 9. d5 Na5 10. Nc1 c5 11. Rb1 e6 12. b4 exd5 13. cxd5 cxb4 14. Rxb4 b5 15.
Be2 Nd7 16. O-O Ne5 17. Bd4 Nac4 18. Bxc4 Nxc4 19. Qf2 Bd7 20. Bxg7 Kxg7 21.
Qd4+ Qf6 22. Qxf6+ Kxf6 23. Nd3 a5 24. e5+ Kg7 25. Rbb1 Nd2 26. exd6 Nxb1 27.
Rxb1 Bf5 28. Ne4 Rfd8 29. Rc1 Bxe4 30. fxe4 Rxd6 31. Rc7 Re8 32. Nc5 Rf6 33.
Rb7 b4 34. Ra7 Rf4 35. Ne6+ Rxe6 36. dxe6 Rxe4 37. Rxf7+ Kg8 1/2-1/2

[Event "European Senior Teams Chess Championshi"]
[Site "Rogaska Slatina"]
[Date "2012.04.03"]
[Round "8.8"]
[White "Bonner, Gerald"]
[Black "Hurme, Harri"]
[Result "1/2-1/2"]
[WhiteElo "2197"]
[BlackElo "2184"]
[PlyCount "111"]
[EventDate "2012.03.27"]
[WhiteTeam "SCO 1"]
[BlackTeam "FIN 1"]

1. d4 Nf6 2. Nf3 e6 3. e3 d5 4. Bd3 c5 5. b3 cxd4 6. exd4 Nc6 7. Bb2 Be7 8. O-O
O-O 9. a3 b6 10. Nbd2 Bb7 11. Rc1 Rc8 12. Qe2 Nh5 13. g3 Nf6 14. b4 Re8 15. Ne5
Nxe5 16. dxe5 Nd7 17. Bd4 g6 18. c3 Bf8 19. f4 Bg7 20. Nf3 f6 21. Rc2 f5 22.
Rfc1 h6 23. Ba6 Qc7 24. Bxb7 Qxb7 25. c4 dxc4 26. Rxc4 Rxc4 27. Rxc4 Nf8 28.
Qe3 Rd8 29. Qc3 Rd7 30. h4 Qe4 31. Kf2 Qb1 32. Qc2 Qxc2+ 33. Rxc2 Kf7 34. Ke3
Nh7 35. Rc6 Bf8 36. Bc3 Be7 37. Nd4 Nf8 38. Bd2 g5 39. hxg5 hxg5 40. Nb5 Kg6
41. Bc3 Kh5 42. Nd4 Kg4 43. Be1 b5 44. Nxe6 Nxe6 45. Rxe6 Bd8 46. Rg6 Rd1 47.
Ke2 Rd4 48. Rg8 Re4+ 49. Kf2 Bb6+ 50. Kf1 Kf3 51. Rxg5 Re2 52. Rh5 Ra2 53. Rh3
Kg4 54. Rh4+ Kf3 55. Rh3 Kg4 56. Rh4+ 1/2-1/2

[Event "European Senior Teams Chess Championshi"]
[Site "Rogaska Slatina"]
[Date "2012.04.03"]
[Round "8.9"]
[White "Jorgensen, Jorgen"]
[Black "Rodriguez Vargas, Orestes"]
[Result "0-1"]
[WhiteElo "2209"]
[BlackElo "2403"]
[PlyCount "72"]
[EventDate "2012.03.27"]
[WhiteTeam "DEN 2"]
[BlackTeam "ESP - CATALONIA"]

1. c4 c5 2. Nc3 g6 3. Nf3 Bg7 4. e3 Nf6 5. d4 O-O 6. Be2 cxd4 7. Nxd4 Nc6 8.
O-O d6 9. b3 Bd7 10. Bb2 a6 11. Qd2 Rb8 12. Nxc6 Bxc6 13. Rfd1 b5 14. cxb5 axb5
15. b4 Qb6 16. Bd3 Qb7 17. f3 Rfd8 18. e4 e5 19. Qf2 d5 20. exd5 Nxd5 21. a3
Nf4 22. Be2 Ne6 23. Ne4 Nd4 24. Nc5 Qe7 25. Bd3 Rd6 26. Re1 Rbd8 27. Rad1 f5
28. Bxd4 Rxd4 29. Qf1 e4 30. fxe4 fxe4 31. Bc2 e3 32. Rxd4 Bxd4 33. Bb3+ Kh8
34. Re2 Bd5 35. Bxd5 Rxd5 36. Qf4 Bxc5 0-1

[Event "European Senior Teams Chess Championshi"]
[Site "Rogaska Slatina"]
[Date "2012.04.03"]
[Round "8.9"]
[White "Garriga Nualart, Josep"]
[Black "Olesen, Poul Erik Norgaard"]
[Result "0-1"]
[WhiteElo "2319"]
[BlackElo "2052"]
[PlyCount "82"]
[EventDate "2012.03.27"]
[WhiteTeam "ESP - CATALONIA"]
[BlackTeam "DEN 2"]

1. c4 Nf6 2. Nc3 g6 3. d4 Bg7 4. e4 d6 5. Be2 O-O 6. Bg5 h6 7. Bh4 c5 8. d5 e6
9. Nf3 exd5 10. cxd5 a6 11. a4 Nbd7 12. O-O Rb8 13. Nd2 Qc7 14. f4 Re8 15. Rc1
Nb6 16. b3 Bd7 17. Bf2 Nc8 18. b4 cxb4 19. Nb5 Qd8 20. e5 Nxd5 21. Bc4 axb5 22.
Bxd5 bxa4 23. Nc4 b5 24. Nxd6 Nxd6 25. exd6 b3 26. Rc7 Be6 27. Bc6 Rf8 28. Bc5
Rc8 29. Bxb5 Rxc7 30. dxc7 Qxc7 31. Bxf8 Bxf8 32. f5 Bxf5 33. Qe2 Be6 34. Bd3
Qb6+ 35. Kh1 Bg7 36. Qe4 Qd4 37. Qa8+ Kh7 38. Qa6 a3 39. Bxg6+ Kxg6 40. Qxa3
Qc4 41. Rc1 Qxc1+ 0-1

[Event "European Senior Teams Chess Championshi"]
[Site "Rogaska Slatina"]
[Date "2012.04.03"]
[Round "8.9"]
[White "Sanz Bastos, Fernando"]
[Black "Preuss, Flemming"]
[Result "0-1"]
[WhiteElo "2058"]
[BlackElo "1993"]
[PlyCount "104"]
[EventDate "2012.03.27"]
[WhiteTeam "ESP - CATALONIA"]
[BlackTeam "DEN 2"]

1. e4 d6 2. Nc3 e5 3. g3 g6 4. Bg2 Bg7 5. d3 c5 6. f4 Nc6 7. Nf3 Nge7 8. O-O
O-O 9. Nh4 f5 10. Nd5 Nxd5 11. exd5 Ne7 12. c4 exf4 13. gxf4 Kh8 14. Nf3 h6 15.
Rb1 a5 16. b3 Ng8 17. Bb2 Bd7 18. Bxg7+ Kxg7 19. d4 b6 20. dxc5 bxc5 21. Qd2
Qf6 22. Rfe1 Rfe8 23. Rxe8 Bxe8 24. Re1 Bd7 25. Ne5 dxe5 26. fxe5 Qg5 27. Qxg5
hxg5 28. d6 Re8 29. Bd5 Kf8 30. e6 Nf6 31. Kf2 Bxe6 32. Bxe6 Ne4+ 33. Rxe4 fxe4
34. d7 Rd8 35. Ke3 Ke7 36. Bg4 Rf8 37. h3 Rf4 38. Ke2 Kd8 39. Ke3 Kc7 40. Ke2
a4 41. bxa4 e3 42. Kxe3 Rxc4 43. a5 Rd4 44. a6 Kb6 45. a7 Kxa7 46. Be6 Kb6 47.
Ke2 Kc7 48. Ke3 Kd8 49. Bg4 Ke7 50. Ke2 c4 51. Ke1 c3 52. Bd1 Rxd7 0-1

[Event "European Senior Teams Chess Championshi"]
[Site "Rogaska Slatina"]
[Date "2012.04.03"]
[Round "8.10"]
[White "Ager, Josef"]
[Black "Rooze, Jan"]
[Result "1-0"]
[WhiteElo "2195"]
[BlackElo "2325"]
[PlyCount "125"]
[EventDate "2012.03.27"]
[WhiteTeam "AUT - NIEDEROSTERREICH"]
[BlackTeam "BEL"]

1. Nf3 c5 2. g3 Nf6 3. Bg2 Nc6 4. O-O e5 5. d3 h6 6. c4 Be7 7. Nc3 a6 8. Ne1
Rb8 9. Nc2 d6 10. Ne3 h5 11. Ned5 Nxd5 12. Nxd5 h4 13. e3 hxg3 14. fxg3 Be6 15.
Bd2 b5 16. b3 Qd7 17. Qf3 Bd8 18. Bc3 Bg5 19. Nf4 Nd8 20. Nxe6 Nxe6 21. Rae1
bxc4 22. dxc4 O-O 23. Qg4 Qe7 24. Bd5 Rbe8 25. Ba5 Bh6 26. h4 Kh8 27. Rf2 g6
28. Bd2 Ng7 29. Ref1 f5 30. Qh3 Nh5 31. g4 fxg4 32. Rxf8+ Rxf8 33. Rxf8+ Qxf8
34. Qxg4 Qf5 35. Qxf5 gxf5 36. Bb7 Ng3 37. Kf2 Ne4+ 38. Bxe4 fxe4 39. Ba5 Kh7
40. Bc7 Bf8 41. Bd8 Kg6 42. Bg5 Kf5 43. Ke2 Ke6 44. Kd2 Kd7 45. Kc3 Kc6 46. h5
Kd7 47. h6 Ke6 48. h7 Bg7 49. Bh6 Kf7 50. Bxg7 Kxg7 51. b4 cxb4+ 52. Kxb4 Kxh7
53. Ka5 Kg6 54. Kxa6 Kf5 55. Kb7 Kg4 56. a4 Kf3 57. a5 Kxe3 58. a6 Kd2 59. a7
e3 60. a8=Q e2 61. Qa2+ Kd1 62. Qb1+ Kd2 63. Qb4+ 1-0

[Event "European Senior Teams Chess Championshi"]
[Site "Rogaska Slatina"]
[Date "2012.04.03"]
[Round "8.10"]
[White "Van Herck, Marcel"]
[Black "Woeber, Friedrich"]
[Result "1/2-1/2"]
[WhiteElo "2097"]
[BlackElo "2175"]
[PlyCount "92"]
[EventDate "2012.03.27"]
[WhiteTeam "BEL"]
[BlackTeam "AUT - NIEDEROSTERREICH"]

1. d4 Nf6 2. c4 g6 3. Nc3 Bg7 4. e4 d6 5. f3 O-O 6. Be3 e5 7. d5 c6 8. Bd3 b5
9. dxc6 bxc4 10. Bxc4 Nxc6 11. Nge2 Rb8 12. b3 Qa5 13. O-O Rd8 14. Nd5 Nxd5 15.
Qxd5 Qc7 16. Qd2 Be6 17. Rac1 Qb7 18. Rfd1 Rd7 19. Bd5 Bxd5 20. Qxd5 Ne7 21.
Qxb7 Rbxb7 22. Rc2 f5 23. Rcd2 Nc8 24. exf5 gxf5 25. Bc5 Bf8 26. Ng3 Kf7 27.
Ba3 Ke6 28. f4 Bh6 29. Rc2 Rbc7 30. Rxc7 Rxc7 31. fxe5 dxe5 32. Kf1 Be3 33. Rd8
Bc5 34. Bxc5 Rxc5 35. Re8+ Ne7 36. Nxf5 Kxf5 37. Rxe7 Rc1+ 38. Kf2 Rc2+ 39. Kf3
Rc3+ 40. Kf2 Rc2+ 41. Kg3 Rxa2 42. Rxh7 a5 43. Kf3 e4+ 44. Ke3 Rxg2 45. Rh5+
Ke6 46. Kxe4 Rb2 1/2-1/2

[Event "European Senior Teams Chess Championshi"]
[Site "Rogaska Slatina"]
[Date "2012.04.03"]
[Round "8.11"]
[White "Jones, Iolo C"]
[Black "Donchenko, Anatoly"]
[Result "1/2-1/2"]
[WhiteElo "2246"]
[BlackElo "2376"]
[PlyCount "37"]
[EventDate "2012.03.27"]
[WhiteTeam "WLS"]
[BlackTeam "GER - HESSEN"]

1. Nf3 c5 2. g3 g6 3. Bg2 Bg7 4. O-O Nc6 5. c4 d6 6. Nc3 Nh6 7. d3 Nf5 8. e4
Nfd4 9. Nxd4 Nxd4 10. Ne2 O-O 11. Rb1 Bg4 12. f3 Bd7 13. b3 b5 14. Bb2 Nxe2+
15. Qxe2 Bxb2 16. Rxb2 e5 17. f4 f6 18. Qe3 Kg7 19. fxe5 1/2-1/2

[Event "European Senior Teams Chess Championshi"]
[Site "Rogaska Slatina"]
[Date "2012.04.03"]
[Round "8.12"]
[White "Dogantug, Ahmet Ismail"]
[Black "Jongsma, Alexander"]
[Result "0-1"]
[WhiteElo "2155"]
[BlackElo "2193"]
[PlyCount "110"]
[EventDate "2012.03.27"]
[WhiteTeam "TUR"]
[BlackTeam "NED - VAS"]

1. e4 c5 2. Nf3 g6 3. d4 Bg7 4. dxc5 Qa5+ 5. Bd2 Qxc5 6. Bc3 Nf6 7. Bd3 O-O 8.
O-O Nc6 9. Nbd2 d6 10. h3 b5 11. a3 a5 12. Nb3 Qb6 13. Nbd4 b4 14. Nxc6 Qxc6
15. axb4 axb4 16. Rxa8 Qxa8 17. Bxf6 Bxf6 18. b3 Bb7 19. Qe2 Qa5 20. Nd2 h5 21.
Nc4 Qc5 22. Kh1 d5 23. exd5 Qxd5 24. f3 Qg5 25. Be4 Bc8 26. Rd1 Be6 27. Ne3 Be5
28. Nf1 Bd6 29. Qf2 Qe5 30. Qd2 Kg7 31. Re1 Qf6 32. Qf2 g5 33. Qe2 Rh8 34. Kg1
Bc5+ 35. Kh2 g4 36. g3 gxh3 37. Ne3 h4 38. g4 Qf4+ 39. Kh1 Rd8 40. Nf5+ Kf6 41.
Qh2 Qd2 42. Rf1 Bxf5 43. Bxf5 Qxh2+ 44. Kxh2 Rd2+ 45. Kxh3 Bf2 46. f4 Bg3 47.
Rh1 Rf2 48. Bd3 Rxf4 49. Rf1 Ke5 50. g5 Rxf1 51. Bxf1 Kf5 52. Bc4 e6 53. g6
Kxg6 54. Kg4 f5+ 55. Kf3 e5 0-1

[Event "European Senior Teams Chess Championshi"]
[Site "Rogaska Slatina"]
[Date "2012.04.03"]
[Round "8.12"]
[White "Ghijsen, Pim"]
[Black "Pekun, Cem"]
[Result "1-0"]
[WhiteElo "2191"]
[BlackElo "2127"]
[PlyCount "71"]
[EventDate "2012.03.27"]
[WhiteTeam "NED - VAS"]
[BlackTeam "TUR"]

1. d4 c5 2. d5 Nf6 3. c4 d6 4. Nc3 g6 5. Nf3 Bg7 6. h3 O-O 7. Bf4 a6 8. a4 Qa5
9. Bd2 e6 10. e4 Qc7 11. Be2 e5 12. O-O Nh5 13. Re1 Qe7 14. Kh2 Nf4 15. Bf1 f5
16. exf5 Rxf5 17. g3 Bh6 18. gxf4 Bxf4+ 19. Bxf4 Rxf4 20. Ne4 Qf8 21. Bg2 Nd7
22. Ra3 Nf6 23. Nfd2 Nh5 24. Rf3 Bd7 25. Rxf4 Nxf4 26. Bf1 Qe7 27. Re3 Rf8 28.
a5 Qh4 29. Qe1 g5 30. Rg3 Kh8 31. Nxd6 Ng6 32. Bd3 Bxh3 33. Bxg6 Bf5+ 34. Kg1
hxg6 35. Qxe5+ Kg8 36. Nf3 1-0

[Event "European Senior Teams Chess Championshi"]
[Site "Rogaska Slatina"]
[Date "2012.04.03"]
[Round "8.12"]
[White "Ulker, Ates"]
[Black "Van Oosten, Arend"]
[Result "0-1"]
[WhiteElo "2068"]
[BlackElo "2186"]
[PlyCount "80"]
[EventDate "2012.03.27"]
[WhiteTeam "TUR"]
[BlackTeam "NED - VAS"]

1. e4 Nf6 2. e5 Nd5 3. d4 d6 4. Nf3 g6 5. c4 Nb6 6. Nc3 Bg7 7. Be3 O-O 8. Be2
Nc6 9. exd6 exd6 10. Qd2 d5 11. b3 dxc4 12. bxc4 Bg4 13. Rd1 Bxf3 14. gxf3 Qd7
15. Ne4 Qh3 16. Ng3 Rad8 17. Qc3 Rfe8 18. Rd2 Qd7 19. Ne4 Nxd4 20. Rxd4 Bxd4
21. Nf6+ Bxf6 22. Qxf6 Qe6 23. Qc3 Qe5 24. Qc1 Na4 25. O-O Nc3 26. Re1 Nxe2+
27. Rxe2 Rd6 28. Re1 Qf5 29. Kg2 h5 30. h3 g5 31. Qb2 b6 32. Rg1 Rg6 33. Qe2 g4
34. fxg4 hxg4 35. h4 Qf3+ 36. Kf1 Qh3+ 37. Rg2 Qxh4 38. Qd3 Qh1+ 39. Rg1 Qe4
40. Ke2 Qf3+ 0-1

[Event "European Senior Teams Chess Championshi"]
[Site "Rogaska Slatina"]
[Date "2012.04.03"]
[Round "8.13"]
[White "Habershon, Paul F"]
[Black "Mostertman, Loek"]
[Result "1-0"]
[WhiteElo "2122"]
[BlackElo "2058"]
[PlyCount "109"]
[EventDate "2012.03.27"]
[WhiteTeam "ENG 2"]
[BlackTeam "NED - ORANJE"]

1. e4 e5 2. Nf3 Nc6 3. d4 exd4 4. Nxd4 Nf6 5. Nxc6 bxc6 6. e5 Qe7 7. Qe2 Nd5 8.
c4 Ba6 9. Nd2 Nf4 10. Qe4 g5 11. b3 Bg7 12. Bb2 O-O-O 13. O-O-O Bb7 14. Qe3 c5
15. Rg1 Rhg8 16. g3 Ne6 17. Ne4 Nd4 18. f4 f6 19. Nxc5 Qxc5 20. Bxd4 Qa3+ 21.
Kb1 fxe5 22. fxe5 Bxe5 23. Bxe5 d6 24. Bh3+ Kb8 25. Rge1 dxe5 26. Rxd8+ Rxd8
27. Qxe5 a5 28. Qxg5 Rd4 29. Bf5 Qc5 30. g4 Ka7 31. Qc1 h5 32. h3 Bg2 33. Qc3
Kb6 34. Kb2 h4 35. Re6+ c6 36. Re2 Bf1 37. Re1 Bg2 38. Qe3 Qd6 39. Rd1 c5 40.
Rxd4 cxd4 41. Qd3 Qf4 42. c5+ Kc7 43. Qe2 Qe3 44. Qxg2 Qc3+ 45. Kb1 Qe1+ 46.
Kc2 Qc3+ 47. Kd1 Qa1+ 48. Ke2 Qb2+ 49. Kf3 Qc3+ 50. Ke4 Qe3+ 51. Kd5 d3 52.
Qh2+ Qg3 53. Qd2 Qf3+ 54. Kc4 Qe2 55. Qxd3 1-0

[Event "European Senior Teams Chess Championshi"]
[Site "Rogaska Slatina"]
[Date "2012.04.03"]
[Round "8.13"]
[White "Reuben, Stewart"]
[Black "Montsma, Foppe-Jan"]
[Result "1/2-1/2"]
[WhiteElo "2115"]
[BlackElo "1949"]
[PlyCount "50"]
[EventDate "2012.03.27"]
[WhiteTeam "ENG 2"]
[BlackTeam "NED - ORANJE"]

1. c4 f5 2. Nc3 Nf6 3. d4 d6 4. Nf3 g6 5. Qc2 Bg7 6. e4 O-O 7. Bd3 Nc6 8. a3
fxe4 9. Nxe4 Nxe4 10. Bxe4 Nxd4 11. Nxd4 Bxd4 12. O-O Bf5 13. Bh6 Rf7 14. Qd2
c5 15. Rae1 Bxe4 16. Rxe4 Qd7 17. Be3 e5 18. Bxd4 cxd4 19. Rfe1 Rc8 20. b3 Rcf8
21. f3 b6 22. Qd3 g5 23. h4 h6 24. hxg5 hxg5 25. Rg4 Rg7 1/2-1/2

[Event "European Senior Teams Chess Championshi"]
[Site "Rogaska Slatina"]
[Date "2012.04.03"]
[Round "8.14"]
[White "Pesec, Franc"]
[Black "Dickhoff, Ronald"]
[Result "1-0"]
[WhiteElo "2116"]
[BlackElo "2144"]
[PlyCount "99"]
[EventDate "2012.03.27"]
[WhiteTeam "SLO - CELJE"]
[BlackTeam "NED - DIS.DIS."]

1. e4 e5 2. Nf3 Nc6 3. Bb5 a6 4. Ba4 Nf6 5. O-O Be7 6. Re1 b5 7. Bb3 d6 8. c3
O-O 9. h3 Na5 10. Bc2 c5 11. d4 Qc7 12. Nbd2 Bd7 13. Nf1 Nc4 14. b3 Nb6 15. Bg5
h6 16. Bh4 Rfe8 17. g4 Nh7 18. Bxe7 Rxe7 19. d5 c4 20. b4 a5 21. a3 axb4 22.
axb4 Rxa1 23. Qxa1 Re8 24. Qb2 Ra8 25. Ra1 Na4 26. Bxa4 Rxa4 27. Rxa4 bxa4 28.
Ne3 Nf6 29. Nd2 Bb5 30. Qa2 h5 31. g5 Nh7 32. h4 f6 33. gxf6 Nxf6 34. f3 Qa7
35. Kf2 a3 36. Nb1 Qa4 37. Qxa3 Qb3 38. Qxb3 cxb3 39. c4 Ba6 40. Ke2 g5 41.
hxg5 Nh7 42. Nd2 b2 43. b5 Bc8 44. g6 Nf8 45. Nf5 Nxg6 46. Nxd6 Nf4+ 47. Kf2
Bd7 48. b6 Nd3+ 49. Ke3 Nc5 50. b7 1-0

[Event "European Senior Teams Chess Championshi"]
[Site "Rogaska Slatina"]
[Date "2012.04.03"]
[Round "8.14"]
[White "Happel, Henk"]
[Black "Djurkovic, Maks"]
[Result "1/2-1/2"]
[WhiteElo "2129"]
[BlackElo "2130"]
[PlyCount "93"]
[EventDate "2012.03.27"]
[WhiteTeam "NED - DIS.DIS."]
[BlackTeam "SLO - CELJE"]

1. d4 d6 2. Nf3 Bg4 3. e3 e6 4. Be2 Nd7 5. c4 c6 6. e4 e5 7. Nc3 Be7 8. Be3
Ngf6 9. d5 cxd5 10. cxd5 O-O 11. Nd2 Bxe2 12. Qxe2 a6 13. O-O Ne8 14. Rac1 Bg5
15. Nc4 Bxe3 16. Nxe3 g6 17. Rc2 f5 18. f3 f4 19. Ng4 Qb6+ 20. Nf2 Nef6 21.
Rfc1 Rfc8 22. Na4 Rxc2 23. Qxc2 Qd4 24. Rd1 Qa7 25. b3 b5 26. Nb2 Ne8 27. Nbd3
a5 28. Qc6 Rb8 29. Rc1 Rb6 30. Qc3 Rb7 31. Qd2 Rc7 32. Kf1 Rxc1+ 33. Qxc1 Qc7
34. Ke2 Qxc1 35. Nxc1 Nc7 36. Nd1 Kf7 37. Nb2 Nc5 38. Ncd3 Nb7 39. Kd2 b4 40.
Na4 Nb5 41. Ne1 g5 42. Nc2 h5 43. h3 Kg6 44. Ke2 Kf6 45. Kf2 Kg6 46. Ke2 Kf6
47. Kf2 1/2-1/2

[Event "European Senior Teams Chess Championshi"]
[Site "Rogaska Slatina"]
[Date "2012.04.03"]
[Round "8.14"]
[White "Gazvoda, Franc"]
[Black "Lindner, Jan-Joost"]
[Result "1/2-1/2"]
[WhiteElo "2075"]
[BlackElo "2150"]
[PlyCount "25"]
[EventDate "2012.03.27"]
[WhiteTeam "SLO - CELJE"]
[BlackTeam "NED - DIS.DIS."]

1. e4 e6 2. d4 d5 3. Nd2 Nf6 4. e5 Nfd7 5. Bd3 c5 6. c3 b6 7. Ne2 Ba6 8. Bxa6
Nxa6 9. O-O Nc7 10. a4 Be7 11. Ng3 g6 12. Nf3 h5 13. h3 1/2-1/2

[Event "European Senior Teams Chess Championshi"]
[Site "Rogaska Slatina"]
[Date "2012.04.03"]
[Round "8.14"]
[White "Vink, Wim"]
[Black "Vrankic, Zeljko"]
[Result "1/2-1/2"]
[WhiteElo "1954"]
[BlackElo "1985"]
[PlyCount "70"]
[EventDate "2012.03.27"]
[WhiteTeam "NED - DIS.DIS."]
[BlackTeam "SLO - CELJE"]

1. d4 Nf6 2. c4 g6 3. g3 Bg7 4. Bg2 d6 5. Nc3 O-O 6. Nf3 Nbd7 7. O-O e5 8. e4
c6 9. h3 a5 10. Be3 Re8 11. Qc2 Qe7 12. Rfe1 h6 13. Rad1 Kh7 14. Kh2 g5 15. g4
Nf8 16. Ng1 Bd7 17. f3 Ng6 18. dxe5 dxe5 19. Kg3 Be6 20. b3 Nf4 21. Nge2 Nd7
22. Kf2 Qf6 23. Ng3 Bf8 24. Na4 Bb4 25. Rh1 Rad8 26. Ne2 b5 27. Nb2 Qe7 28. h4
f6 29. hxg5 fxg5 30. Nxf4 gxf4 31. Bd2 Bc5+ 32. Ke2 b4 33. Na4 Bd4 34. Bxf4
exf4 35. Rxd4 Ne5 1/2-1/2

[Event "European Senior Teams Chess Championshi"]
[Site "Rogaska Slatina"]
[Date "2012.04.03"]
[Round "8.15"]
[White "Danner, Lambert"]
[Black "Biller, Helmut Dr"]
[Result "1/2-1/2"]
[WhiteElo "2090"]
[BlackElo "2103"]
[PlyCount "35"]
[EventDate "2012.03.27"]
[WhiteTeam "AUT - WIEN 2"]
[BlackTeam "GER - OBERURSEL"]

1. g3 d5 2. c4 c6 3. Nf3 Nf6 4. Bg2 Bf5 5. Qb3 Qb6 6. Nc3 e6 7. O-O Nbd7 8. d4
Be7 9. c5 Qxb3 10. axb3 O-O 11. b4 a6 12. h3 Ne4 13. Ne5 Nxe5 14. dxe5 Nxc3 15.
bxc3 f6 16. g4 Bc2 17. Bf4 g5 18. Bg3 1/2-1/2